|
|
|
|
| LEADER |
00688nam a22001697a 4500 |
| 005 |
20151026130358.0 |
| 008 |
091028t xxu||||| |||| 00| 0 eng d |
| 020 |
|
|
|a 0-521-00685-6
|
| 080 |
|
|
|a 551.524
|b ZDU
|
| 100 |
|
|
|a Zdunkowski, Wilford
|9 8916
|
| 245 |
|
|
|a Thermodynamics of the atmosphere:
|b a course in theoretical meteorology
|
| 260 |
|
|
|a Cambridge
|b Cambridge University Press
|c 2004
|9 6945
|
| 653 |
|
|
|a Atmospheric thermodynamics
|a Meteorology
|a Thermodynamics-atmosphere
|a atmosphere statcis
|
| 700 |
|
|
|a Andreas Bott
|9 8917
|
| 942 |
|
|
|c BK
|6 _
|
| 999 |
|
|
|c 4095
|d 4095
|
| 952 |
|
|
|0 0
|1 0
|2 udc
|4 0
|6 551524_ZDU
|7 0
|9 15160
|a UL
|b UL
|d 2009-10-28
|l 6
|o 551.524 ZDU
|p 00054284
|r 2015-02-21
|s 2015-01-08
|w 2009-10-28
|y BK
|